[Event "MESRRK"]
[Site "?"]
[Date "2018.05.25"]
[Round "1.18"]
[White "Visvader, Kristof"]
[Black "Holestiakova, Nina"]
[Result "1-0"]
[BlackElo "1030"]
[WhiteElo "1280"]
[LiveChessVersion "1.4.8"]

1. e4 {[%clk 0:20:17]} e5 {[%clk 0:20:18]} 2. Nf3 {[%clk 0:20:24]} Nc6
{[%clk 0:20:25]} 3. Bb5 {[%clk 0:20:30]} Bc5 {[%clk 0:20:21]} 4. d3
{[%clk 0:20:25]} Qe7 {[%clk 0:20:09]} 5. Nc3 {[%clk 0:20:02]} a6 {[%clk 0:20:06]}
6. Nd5 {[%clk 0:18:54]} Qe6 {[%clk 0:18:59]} 7. Nxc7+ {[%clk 0:18:50]} Kd8
{[%clk 0:17:13]} 8. Nxe6+ {[%clk 0:18:54]} dxe6 {[%clk 0:16:49]} 9. Bxc6
{[%clk 0:19:00]} bxc6 {[%clk 0:16:52]} 10. Nxe5 {[%clk 0:19:00]} Ke7
{[%clk 0:15:56]} 11. d4 {[%clk 0:18:15]} Bd6 {[%clk 0:15:22]} 12. Nxc6+
{[%clk 0:18:04]} Kd7 {[%clk 0:15:29]} 13. Ne5+ {[%clk 0:18:09]} Ke7
{[%clk 0:15:17]} 14. O-O {[%clk 0:17:44]} f6 {[%clk 0:14:46]} 15. Nf3
{[%clk 0:17:23]} Kf7 {[%clk 0:14:36]} 16. e5 {[%clk 0:17:28]} Be7
{[%clk 0:14:30]} 17. exf6 {[%clk 0:17:35]} Bxf6 {[%clk 0:14:34]} 18. Ne5+
{[%clk 0:17:43]} Kf8 {[%clk 0:13:37]} 19. b3 {[%clk 0:17:41]} Ne7
{[%clk 0:13:35]} 20. Ba3 {[%clk 0:17:46]} Ke8 {[%clk 0:13:06]} 21. Bxe7
{[%clk 0:17:51]} Kxe7 {[%clk 0:13:09]} 22. Qd2 {[%clk 0:17:20]} a5
{[%clk 0:12:52]} 23. b4 {[%clk 0:17:21]} Ra6 {[%clk 0:12:22]} 24. bxa5
{[%clk 0:17:25]} Rd6 {[%clk 0:12:05]} 25. Qb4 {[%clk 0:17:26]} Ba6
{[%clk 0:10:31]} 26. c4 {[%clk 0:17:13]} Rhd8 {[%clk 0:09:24]} 27. Nc6+
{[%clk 0:17:09]} Kd7 {[%clk 0:09:23]} 28. Nxd8 {[%clk 0:17:15]} Bxd8
{[%clk 0:09:26]} 29. c5 {[%clk 0:17:20]} Rc6 {[%clk 0:09:08]} 30. Rfd1
{[%clk 0:17:02]} Rc7 {[%clk 0:08:58]} 31. d5 {[%clk 0:17:02]} Rb7
{[%clk 0:08:59]} 32. dxe6+ {[%clk 0:17:10]} Kxe6 {[%clk 0:09:00]} 33. Qe4+
{[%clk 0:17:15]} Kf7 {[%clk 0:08:51]} 34. Qxb7+ {[%clk 0:17:16]} Bxb7
{[%clk 0:08:57]} 35. Rxd8 {[%clk 0:17:22]} Bc6 {[%clk 0:08:57]} 36. a6
{[%clk 0:17:24]} Ke7 {[%clk 0:09:04]} 37. Rc8 {[%clk 0:17:26]} Kd7
{[%clk 0:09:11]} 38. Rxc6 {[%clk 0:17:33]} Kxc6 {[%clk 0:09:19]} 39. Rb1
{[%clk 0:17:39]} g5 {[%clk 0:09:19]} 40. a7 {[%clk 0:17:48]} Kc7 {[%clk 0:09:24]}
41. a8=Q {[%clk 0:17:54]} Kc6 {[%clk 0:09:21]} 42. Qa6+ {[%clk 0:18:02]} Kd5
{[%clk 0:09:30]} 43. Qd6+ {[%clk 0:18:11]} Kc4 {[%clk 0:09:38]} 44. Rc1+
{[%clk 0:18:18]} Kb5 {[%clk 0:09:46]} 45. Qb6+ {[%clk 0:18:26]} Ka4
{[%clk 0:09:52]} 46. Rc4+ {[%clk 0:18:32]} Ka3 {[%clk 0:09:57]} 47. Qa5+
{[%clk 0:18:36]} Kb2 {[%clk 0:10:04]} 48. Qb5+ {[%clk 0:18:40]} Ka3
{[%clk 0:09:55]} 49. Ra4# 1-0

[Event "MESRRK"]
[Site "?"]
[Date "2018.05.25"]
[Round "1.20"]
[White "Jura, Michal"]
[Black "Dorusa, Simon"]
[Result "1-0"]
[BlackElo "1002"]
[WhiteElo "1264"]
[LiveChessVersion "1.4.8"]

1. e4 {[%clk 0:20:11]} e5 {[%clk 0:20:18]} 2. f4 {[%clk 0:20:19]} d5
{[%clk 0:20:18]} 3. Nc3 {[%clk 0:20:21]} d4 {[%clk 0:20:23]} 4. Nce2
{[%clk 0:20:22]} Bg4 {[%clk 0:19:51]} 5. h3 {[%clk 0:20:21]} Bxe2
{[%clk 0:19:59]} 6. Bxe2 {[%clk 0:20:27]} exf4 7. Nf3 {[%clk 0:20:32]} Nf6
{[%clk 0:19:57]} 8. d3 {[%clk 0:20:35]} Bb4+ {[%clk 0:19:46]} 9. Bd2
{[%clk 0:20:27]} Bxd2+ {[%clk 0:19:37]} 10. Qxd2 {[%clk 0:20:35]} Nh5
{[%clk 0:19:46]} 11. g4 {[%clk 0:20:21]} fxg3 {[%clk 0:19:44]} 12. O-O-O
{[%clk 0:19:41]} O-O {[%clk 0:19:15]} 13. Rhg1 {[%clk 0:19:31]} Nc6
{[%clk 0:18:25]} 14. Ng5 {[%clk 0:18:35]} h6 {[%clk 0:16:17]} 15. Bxh5
{[%clk 0:17:18]} Qxg5 {[%clk 0:16:19]} 16. Qxg5 {[%clk 0:17:24]} hxg5
{[%clk 0:16:26]} 17. Rxg3 {[%clk 0:17:30]} f6 {[%clk 0:16:22]} 18. Rdg1
{[%clk 0:17:30]} Ne5 {[%clk 0:16:15]} 19. h4 {[%clk 0:17:18]} Nf7
{[%clk 0:16:08]} 20. Bxf7+ {[%clk 0:17:05]} Rxf7 {[%clk 0:15:58]} 21. hxg5
{[%clk 0:16:59]} f5 {[%clk 0:15:56]} 22. g6 {[%clk 0:16:43]} Rf6 {[%clk 0:16:01]}
23. exf5 {[%clk 0:16:33]} Rxf5 {[%clk 0:16:07]} 24. Rg4 {[%clk 0:16:31]} c5
{[%clk 0:16:04]} 25. Rh1 {[%clk 0:16:34]} b5 {[%clk 0:15:51]} 26. Rgh4
{[%clk 0:16:38]} Kf8 {[%clk 0:15:13]} 27. Rh8+ {[%clk 0:16:45]} Ke7
{[%clk 0:15:21]} 28. Rxa8 {[%clk 0:16:53]} Kf6 {[%clk 0:15:26]} 29. Rxa7
{[%clk 0:16:56]} Rg5 {[%clk 0:15:33]} 30. b3 {[%clk 0:16:47]} Rxg6
{[%clk 0:15:33]} 31. Ra6+ {[%clk 0:16:56]} Kf5 {[%clk 0:15:42]} 32. Rf1+
{[%clk 0:17:05]} Kg5 {[%clk 0:15:50]} 33. Rg1+ {[%clk 0:17:14]} Kf5
{[%clk 0:15:59]} 34. Raxg6 {[%clk 0:17:21]} Kf4 {[%clk 0:16:04]} 35. Rxg7
{[%clk 0:17:29]} Ke3 {[%clk 0:16:13]} 36. R7g3+ {[%clk 0:17:35]} Kf2
{[%clk 0:16:22]} 37. R3g2+ {[%clk 0:17:34]} Kf3 {[%clk 0:16:30]} 38. Kd2
{[%clk 0:17:41]} c4 {[%clk 0:16:35]} 39. dxc4 {[%clk 0:17:49]} bxc4
{[%clk 0:16:44]} 40. bxc4 {[%clk 0:17:57]} d3 {[%clk 0:16:49]} 41. cxd3
{[%clk 0:18:06]} Kf4 {[%clk 0:16:58]} 42. Rf2+ {[%clk 0:18:13]} Ke5
{[%clk 0:17:05]} 43. Re1+ {[%clk 0:18:20]} Kd4 {[%clk 0:17:14]} 44. Rf4+
{[%clk 0:18:29]} Kc5 {[%clk 0:17:32]} 45. Re5+ {[%clk 0:18:42]} Kd6
{[%clk 0:17:40]} 46. Rd5+ {[%clk 0:18:50]} Ke6 {[%clk 0:17:48]} 47. Re4+
{[%clk 0:18:59]} Kf6 {[%clk 0:17:56]} 48. Ke3 {[%clk 0:19:08]} Kf7
{[%clk 0:18:01]} 49. Rf5+ {[%clk 0:19:16]} Kg6 {[%clk 0:18:10]} 50. Rf1
{[%clk 0:19:24]} Kg5 {[%clk 0:18:18]} 51. Kd2 {[%clk 0:19:32]} Kg6
{[%clk 0:18:26]} 52. Rg4+ {[%clk 0:19:40]} Kh5 {[%clk 0:18:35]} 53. Rg2
{[%clk 0:19:49]} Kh4 {[%clk 0:18:42]} 54. Rh1# {[%clk 0:19:58]} 1-0